000 00651nam a2200277Ia 4500
005 20260324125541.0
008 008 260324s9999 xx 000 0 eng d
020 _a9780203869970
037 _aEBOOK
040 _aCRL
040 _beng
040 _cCRL
041 _2eng
041 _aeng
084 _qCRL
100 _aPeter Burnell; Richard Youngs
_91178394
245 0 _aNew Challenges to Democratization
260 _bTaylor and Francis
260 _c2009
365 _a
365 _b145
856 _uhttp://www.taylorfrancis.com/books/9780203869970
942 _cEBOOK
999 _c1773783
_d1773783